000 00492nam a22002057a 4500
003 bpm
005 20260416121848.0
008 260416b |||||||| |||| 00| p spa d
020 _a97898702021180
024 _aS. C. C. / M. C. y E. M.:
040 _aAR-CtUCP
041 _aspa
080 _aCDU
100 _aRíos Nacha
245 _aSoy de aquí y de allá también
260 _aBuenos Aires
_bDunken
_c2007
650 _aLiteratura - Poesía
942 _cLIB
999 _c76656
_d76656